Movies Quiz

Random Movies or James Bond Quiz
Score 0/24 Timer 05:00
0 Plays Today
Vowel-less Film % Correct
N .RDDr. No
90.4%
RGNFDLGGoldfinger
88%
VL HTW SSR MRFFrom Russia With Love
86.4%
LLFKSSkyfall
85.6%
NG NDLG HT HTW NM HTThe Man With The Golden Gun
85.1%
RVRF R SDNMDDiamonds Are Forever
84.3%
M DVL HW PS HTThe Spy Who Loved Me
84.3%
SD RVN WRRMTTomorrow Never Dies
84.3%
D TL DN VLLive And Let Die
84%
LLBRDNHTThunderball
83.8%
LLK T WVA View To A Kill
83.5%
LLK T CNCLLicence To Kill
83.2%
Vowel-less Film % Correct
CLS F MTNQQuantum Of Solace
83%
CWT VL LN YYou Only Live Twice
82.2%
HGN TN S DLRW HTThe World Is Not Enough
81.6%
LN S RY RFFor Your Eyes Only
81.1%
LR NSCCasino Royale
80.6%
RTCPSSpectre
80.1%
CVRS TRCS S'TSJM RH NOn Her Majesty's Secret Service
79.5%
SSPTCOctopussy
78.7%
RKRNMMoonraker
78.5%
D RHTN DDie Another Day
78.5%
NDLGGoldeneye
78.2%
STHGLD GNVL HTThe Living Daylights
73.1%
Remove Ads.
Support Sporcle.
Get the best of Sporcle when you Go Orange. This ad-free experience offers more features, more stats, and more fun while also helping to support Sporcle. Thank you for becoming a member.

You're not logged in!

Compare scores with friends on all Sporcle quizzes.
OR
Log In

Show Comments

Extras

Top Quizzes Today


Score Distribution

Your Account Isn't Verified!

In order to create a playlist on Sporcle, you need to verify the email address you used during registration. Go to your Sporcle Settings to finish the process.

Report this User

Report this user for behavior that violates our Community Guidelines.

Details: